Mad Men : [temporada cuatro] = Mad Men : [Season Four] /

Serie de televisión sobre el conflictivo y competitivo mundo de la publicidad. Sigue las vidas, privada y pública, de los empleados de una importante agencia de publicidad ubicada en Madison Avenue, en la ciudad de Nueva York a principios de la década de 1960. En este ambiente donde la venta es un a...

Descrizione completa

Salvato in:
Dettagli Bibliografici
Autore principale: Weiner, Matthew (idea original)
Altri autori: Weiner, Matthew (producción ejecutiva) (producción ejecutiva), Hornbacher, Scott (producción ejecutiva) (producción ejecutiva), Abraham, Phil (realización) (realización), Uppendahl, Michael (realización) (realización), Hamm, Jon (actuación) (actuación), Moss, Elisabeth (actuación) (actuación), Jones, January (actuación) (actuación)
Natura: Videodisco
Lingua:inglese
Pubblicazione: Santa Mónica, EUA : Lionsgate [distribución], 2011, c2011
Serie:(Mad Men. Temporada Cuatro)
(Mad Men. Season 4)
Soggetti:
Tags: Aggiungi Tag
Nessun Tag, puoi essere il primo ad aggiungerne!!

MARC

LEADER 00000ngm^a2200000^a^4500
001 000315505
005 20250521000000.0
009 20260310113245.968
037 |a Acervo ITESO - Biblioteca 
041 |a ING 
082 |a 659. 0973471  |b WEI S. 4 
100 |a Weiner, Matthew  |e (idea original) 
240 1 1 |a [Mad Men] 
245 1 0 |a Mad Men :  |b [temporada cuatro] = Mad Men : [Season Four] /  |c Idea original de M. Weiner ; prod. ejecutiva de M. Weiner, S. Hornbacher ; realización de P. Abraham, M. Uppendahl... [et al.]. 
264 4 |a Santa Mónica, EUA :  |b Lionsgate [distribución],  |c 2011, c2011 
300 |a 4 DVDs región 1  |c (611 min.) 
336 |a imagen móvil bidimensional  |b tdi  |2 rdacontenido 
337 |a video  |b v  |2 rdamedio 
338 |a videodisco  |b vd  |2 rdasoporte 
440 1 |a (Mad Men.  |p Temporada Cuatro) 
440 1 |a (Mad Men.  |p Season 4) 
520 |a Serie de televisión sobre el conflictivo y competitivo mundo de la publicidad. Sigue las vidas, privada y pública, de los empleados de una importante agencia de publicidad ubicada en Madison Avenue, en la ciudad de Nueva York a principios de la década de 1960. En este ambiente donde la venta es un arte y a todos los impulsa su ego, se pierden los límites entre percepción y realidad, verdad y mentira, comenzando por uno de los ejecutivos, quien basa parte de su éxito en haber usurpado la identidad de otro hombre y a quien su pasado persigue y alcanza constantemente. 
520 |a La presente colección de cuatro DVDs reúne los 13 episodios de la cuarta temporada, transmitidos originalmente entre el 25 de julio y el 7 de octubre de 2010, con una duración cercana a los 45 minutos, cada uno. 
546 |a En inglés, con subtítulos opcionales: español, inglés 
649 |a XX 
650 |a Publicistas 
650 |a Gerentes y Jefes 
650 |a Impostores e Impostura 
650 |a Agencias de Publicidad -  |z Nueva York, EUA -  |x Tema Principal 
650 |a Series Dramáticas 
650 |a Series de Televisión 
650 |a Televisión -  |z EUA -  |y 2010-2019 
650 |a Televisión -  |z EUA -  |y Siglo XXI 
650 |a Identidad Personal 
650 |a Discriminación 
650 |a Infidelidad 
650 |a Familia Disfuncional 
650 |a Relaciones de Pareja -  |x Tema Principal 
650 |a Relaciones Familiares 
650 |a Relaciones Interculturales 
650 |a Interacción Social 
650 |a Feminismo 
650 |a Verdad 
650 |a Competencia (Economía) 
650 |a Relaciones Laborales -  |x Tema Principal 
650 |a Publicidad -  |z Nueva York, EUA -  |x Historia -  |y 1960-1969 
650 |a Mercadotecnia -  |z Nueva York, EUA -  |x Historia -  |y 1960-1969 
650 |a Vida Privada -  |z Nueva York, EUA -  |x Historia -  |y 1960-1969 
650 |a Vida Cotidiana -  |z Nueva York, EUA -  |x Historia -  |y 1960-1969 -  |x Tema Principal 
650 |a Nueva York, EUA -  |x Historia -  |y 1960-1969 
700 |a Weiner, Matthew  |e (producción ejecutiva) 
700 |a Hornbacher, Scott  |e (producción ejecutiva) 
700 |a Abraham, Phil  |e (realización) 
700 |a Uppendahl, Michael  |e (realización) 
700 |a Hamm, Jon  |e (actuación) 
700 |a Moss, Elisabeth  |e (actuación) 
700 |a Jones, January  |e (actuación) 
910 |a Fondo General 
920 |a Audiovisuales - DVDs 
905 |a 302 
901 |a 0500204450  |b IT2  |c DVS  |i C129606  |u 20250521 
901 |a 0500204451  |b IT2  |c DVS  |i C129606  |u 20250521 
901 |a 0500204452  |b IT2  |c DVS  |i C129606  |u 20250521 
901 |a 0500204453  |b IT2  |c DVS  |i C129606  |u 20250521 
902 |a https://opac.biblio.iteso.mx/vufind/Record/000315505